Actuaries' survival guide : (Record no. 18738)

MARC details
000 -LEADER
fixed length control field 01453cam a2200289 a 4500
001 - CONTROL NUMBER
control field 17484830
005 - DATE AND TIME OF LATEST TRANSACTION
control field 20141209150950.0
008 - FIXED-LENGTH DATA ELEMENTS--GENERAL INFORMATION
fixed length control field 121004t2013 xxua frb 001 0 eng d
010 ## - LIBRARY OF CONGRESS CONTROL NUMBER
LC control number 2012406537
020 ## - INTERNATIONAL STANDARD BOOK NUMBER
International Standard Book Number 9780123869432 (pbk.)
020 ## - INTERNATIONAL STANDARD BOOK NUMBER
International Standard Book Number 0123869439 (pbk.)
040 ## - CATALOGING SOURCE
Original cataloging agency YDXCP
Transcribing agency YDXCP
Modifying agency BWX
-- CDX
-- DPL
-- SGB
-- TSU
-- DLC
-- EG-ScBUE
082 00 - DEWEY DECIMAL CLASSIFICATION NUMBER
Classification number 368.01
Edition number 22
Item number SZA
100 1# - MAIN ENTRY--PERSONAL NAME
Personal name Szabo, Fred E.
9 (RLIN) 36838
245 10 - TITLE STATEMENT
Title Actuaries' survival guide :
Remainder of title how to succeed in one of the most desirable professions /
Statement of responsibility, etc Fred E. Szabo.
250 ## - EDITION STATEMENT
Edition statement 2nd ed.
260 ## - PUBLICATION, DISTRIBUTION, ETC. (IMPRINT)
Place of publication, distribution, etc Waltham, United States ;
-- Oxford, United Kingdom :
Name of publisher, distributor, etc Academic Press,
-- Elsevier,
Date of publication, distribution, etc c.2013.
300 ## - PHYSICAL DESCRIPTION
Extent xxiii, 271 p. :
Other physical details tables ;
Dimensions 23 cm.
500 ## - GENERAL NOTE
General note Index : p. 263-271.
504 ## - BIBLIOGRAPHY, ETC. NOTE
Bibliography, etc Bibliography : p. 261-262.
505 0# - FORMATTED CONTENTS NOTE
Formatted contents note Actuarial careers-Actuarial education- Actuarial jobs.
520 ## - SUMMARY, ETC.
Summary, etc This book explains what actuaries are, what they do, and where they do it. It describes the ideas, techniques, and skills involved in the day-to-day work of actuaries. This second edition has been updated to reflect the rise of social networking and the internet, the progress toward a global knowledge-based economy, and the global expansion of the actuarial field that has occurred since the first edition.-from publisher description
650 #0 - SUBJECT ADDED ENTRY--TOPICAL TERM
Topical term or geographic name as entry element Actuaries
General subdivision Vocational guidance
9 (RLIN) 36839
653 ## - INDEX TERM--UNCONTROLLED
Resource For college BAEPS, Business Administration
Arrived date list December2014
655 ## - INDEX TERM--GENRE/FORM
Form subdivision
-- 34232
942 ## - ADDED ENTRY ELEMENTS (KOHA)
Source of classification or shelving scheme Dewey Decimal Classification
Call number prefix 368.01 SZA
Holdings
Withdrawn status Item status Source of classification or shelving scheme Damaged status Not for loan Vendor Home library Current library Shelving location Date acquired Source of acquisition Cost, normal purchase price Serial Enumeration / chronology Total Checkouts Full call number Barcode Date last seen Cost, replacement price Koha item type
    Dewey Decimal Classification     Baccah Central Library Central Library First floor 09/12/2014   270.00 20677   368.01 SZA 000037132 15/07/2025 337.50 Book - Borrowing